The ultimate Wednesday quiz 🎬 - Statistics

General Stats
  • This quiz has been taken 163 times
  • The average score is 5 of 10
Answer Stats
Question: Answer % Correct
What are the names of the parents of Wednesday Addams who send her off to Nevermore Academy in the first episode? Gomez and Morticia
94%
What somber word appears in each of the eight episode titles of the first season of "Wednesday"? Woe
80%
What sport did Wednesday play with Bianca? Fencing
70%
Who does Wednesday Addams hug in the finale after previously calling this person annoyingly colorful? Enid Sinclair
62%
What is the name of the town that is located near Nevermore Academy that Wednesday and her classmates frequently visit? Jericho
58%
What is shown as being the weapon that killed both Garrett Gates and the reanimated Joseph Crackstone? Sword
57%
What is this event that involves rowing and foul play? Poe cup
50%
Which victim is killed inside a building? Dr Kinbott
16%
In what century did Goody Addams confront a Pilgrim named Joseph Crackstone who was responsible for the deaths of dozens of outcasts? 1600s
14%
Which group are called stoners and are represented by students like Ajax Petropolus? Gordons
1%
No matching quizzes found
Score Distribution
Percent of People with Each Score
Percentile by Number Answered
Your Score History
You have not taken this quiz